| 000 | 00817cam a22002651 4500 | ||
|---|---|---|---|
| 999 |
_c26907 _d26907 |
||
| 001 | 1692790 | ||
| 003 | OSt | ||
| 005 | 20170207090816.0 | ||
| 008 | 721213s1954 nyu 000 0 eng | ||
| 010 | _a 54002979 | ||
| 040 |
_aDLC _cDLC _dDLC |
||
| 050 | 0 | 0 |
_aN7438 _b.G6 1954 |
| 082 | 0 | 0 | _a745 |
| 100 | 1 | _aGoldstein, Harriet Irene. | |
| 245 | 1 | 0 |
_aArt in everyday life _c[by] Harriet Goldstein [and] Vetta Goldstein. |
| 250 | _a4th ed. | ||
| 260 |
_aNew York, _bMacmillan _c1954. |
||
| 300 |
_a515 p. _billus. _c24 cm. |
||
| 650 | 0 | _aArt. | |
| 650 | 0 | _aInterior decoration. | |
| 650 | 0 | _aClothing and dress. | |
| 700 | 1 |
_aGoldstein, Vetta, _ejoint author. |
|
| 906 |
_a7 _bcbc _corignew _du _eocip _f19 _gy-gencatlg |
||
| 942 |
_2lcc _cBOOKS _hN 7438 .G6 1954 |
||